El laboratorio del Juego

Enregistré dans:
Détails bibliographiques
Auteur principal: Rodríguez, Jorge
Autres auteurs: Casallas, Hernando
Format: Électronique Logiciel eBook
Langue:Spanish
Publié: Bogotá : IDEP, 2017.
Accès en ligne:Acceso a ficha de la experiencia
Tags: Ajouter un tag
Pas de tags, Soyez le premier à ajouter un tag!

MARC

LEADER 00000nmm a22000004a 4500
003 OSt
005 20171219120009.0
006 a go d 00| 0
007 cu au aaaaa
008 171214s2017 ck go d 00| 0 spa d
999 |c 5643  |d 5643 
040 |b spa  |c CNA-IDEP 
090 |a Feria 2017-013 
100 1 |9 5125  |a Rodríguez, Jorge 
245 1 3 |a El laboratorio del Juego   |c Jorge Rodríguez y Hernando Casallas.   |h [Recurso electrónico]. 
256 |a Datos electrónicos  
260 |a Bogotá :   |b IDEP,   |c 2017.  
590 |a COLEGIO EL PARAISO DE MANUELA BELTRAN (IED) 
700 1 |9 5124  |a Casallas, Hernando 
856 4 1 |u http://biblioteca.idep.edu.co/experiencias/013 El laboratorio del Juego.pdf  |y Acceso a ficha de la experiencia 
942 |2 LOC  |c ED